Responses for show #3869 - Thursday, May 31, 2001

Contestants

[<< previous game]

Nancy Wolf, a retail manager from Metairie, Louisiana

Jon Sawyer, a graphic artist from Toronto, Ontario

Katie Sunseri, a teacher of the visually impaired from New Orleans, Louisiana (whose 1-day cash winnings total $12,200)

[next game >>]

Jeopardy! Round responses

RADIOLOGY
SAINTLY PEOPLE
NEW YORK, NEW YORK
(Alex: A wonderful town.)
ELVES SIGHTINGS
(Alex: Not Elvis.)
MOVIE VILLAINS
(Alex: We'll give you the villains, you name the film.)
QUASI-RELATED PAIRS
    $100 16
cancer

Nancy
    $100 22
St. Laurent

Jon
    $100 6
Wall Street

Jon
    $100 11
Harry Potter

Nancy
    $100 1
The Fugitive

Jon
    $100 17
Potts & pans

Katie
    $200 27
mammography

Jon
    $200 23
Jill St. John

Nancy
    $200 7
Central Park

Nancy
    $200 12
the Black Forest

Katie
    $200 2
Gladiator

Katie
    $200 18
"War" & peas

Jon
    $300 28
barium

Jon
    $300 24
Toni Braxton

Triple Stumper
    $300 8
the Metropolitan

Jon
    $300 13
a brownie

Jon
    $300 3
One Flew Over the Cuckoo's Nest

Katie
    $300 19
Smith & Wesson

Nancy
    $2,000 29
(Wilhelm) Röntgen

Jon
    $400 25
Saint-Saëns

Nancy
    $400 9
Carnegie Hall

Nancy
    $400 14
Macy's

Nancy
    $400 4
It's a Wonderful Life

Jon
    $400 20
Show & Tell

Katie
    $500 30
MRI

Jon
    $500 26
(Alex: [To Jon] Right. Two clues about, uh, Canada in that category, your country.)

Buffy Sainte-Marie

Jon
    $500 10
the Algonquin

Nancy
    $500 15
Tolkien

Jon
    $500 5
(Nancy: What is The Terminator?)
...
(Alex: [Arnold Schwarzenegger impression] "I'll be back.")

Terminator 2: Judgement Day

Nancy
Triple Stumper
    $500 21
Laurel & Hardy

Nancy

Scores at the first commercial break (after clue 15):

Katie Jon Nancy
$700 $1,700 $1,100

Scores at the end of the Jeopardy! Round:

Katie Jon Nancy
$1,200 $5,500 $2,600

Double Jeopardy! Round responses

RADIO-LOGY
FRENCH ART & ARTISTS
HOME STATES
I'M CZAR-Y, SO CZAR-Y
POETS & POETRY
4-LETTER "W"ORDS
    $200 20
Queen

Jon
    $200 3
Rodin

Katie
    $200 10
Utah

Nancy
    $200 25
Catherine (the Great)

Nancy
    $200 9
rose

Katie
    $200 1
wade

Katie
    $400 21
R.E.M.

Jon
    $400 5
Paris

Katie
    $400 12
Washington

Jon
    $400 27
dynamite

Triple Stumper
    $400 11
(Carl) Sandburg

Katie
    $400 2
wean

Jon
    $600 22
Radiohead

Jon
    $600 8
(Jon: Who is Marat?)

Socrates

JonNancy
    $600 17
Michigan

Jon
    $600 28
Siberia

Katie
    $600 15
Dante

Katie
    $600 4
wept

Jon
    $800 23
[Katie gave the name sounding like "The Bugles" and it was accepted without incident.]

The Buggles

Katie
    $4,000 13
(Edgar) Degas

Jon
    $800 18
Montana

Triple Stumper
    $600 29
Nicholas

Katie
    $800 16
Michelangelo

Triple Stumper
    $800 6
waif

Katie
    $1000 24
"Mexican Radio"

Katie
    $1000 14
Gargantua

Nancy
    $1000 19
(Jon: What is Illinois?)

Kansas

Jon
Triple Stumper
    $1000 26
"Mending Wall"

Triple Stumper
    $1000 7
warp

Jon

Scores at the end of the Double Jeopardy! Round:

Katie Jon Nancy
$7,000 $12,100 $4,600

[wagering suggestions for these scores]

Final Jeopardy! Round responses

COUNTRIES OF THE WORLD
NancyWhat are Leichtenstein and Luxembourg
$4,600
KatieWhat are San Marino & Vatican City?
$3,000
JonWhat are Andorra and San Marino?
$2,500
(2 of) The Vatican, Monaco, San Marino & Liechtenstein

Final scores:

Katie Jon Nancy
$10,000 $9,600 $0
2-day champion: $22,200 2nd place: a week's trip to Puerto Rico at the Wyndham El Conquistador Resort & Country Club 3rd place: music CDs from Capital Records

Game dynamics:

Coryat scores:

Katie Jon Nancy
$7,200 $7,300 $4,600
16 R
(including 1 DD),
0 W
22 R
(including 2 DDs),
2 W
14 R,
1 W

Combined Coryat: $19,100

The J! Archive is created by fans, for fans. The Jeopardy! game show and all elements thereof, including but not limited to copyright and trademark thereto, are the property of Jeopardy Productions, Inc. and are protected under law. This website is not affiliated with, sponsored by, or operated by Jeopardy Productions, Inc. Join the discussion at JBoard.tv.